Badly Described Tools Quiz Stats

 Plays Quiz not verified by Sporcle

Support Sporcle.
Go Orange.
Score 0/14 Timer 01:00
0 Plays Today
% Correct
Hammer
91.8%
Vacuum
89.8%
Flashlight
87.8%
Tape Measure
83.7%
Gloves
77.6%
Power Sander
77.6%
Stud Finder
67.3%
% Correct
Pliers
65.3%
Clamp
61.2%
Drill
55.1%
Utility Knife
53.1%
Circular Saw
44.9%
Mask
44.9%
Duct Tape
36.7%

You're not logged in!

Compare scores with friends on all Sporcle quizzes.
OR
Log In

From the Vault

First Word Albums

by lolshortee

Let's help these albums gets started.
Remove Ads.
Support Sporcle.
Get the best of Sporcle when you Go Orange. This ad-free experience offers more features, more stats, and more fun while also helping to support Sporcle. Thank you for becoming a member.

Show Comments

Extras

Created Feb 25, 2020ReportNominate
Tags:Clickable Quiz

Top Quizzes Today


Score Distribution

Your Account Isn't Verified!

In order to create a playlist on Sporcle, you need to verify the email address you used during registration. Go to your Sporcle Settings to finish the process.

Report this User

Report this user for behavior that violates our Community Guidelines.

Details: